| 000 | 00779nam a2200193Ia 4500 | ||
|---|---|---|---|
| 001 | 23502 | ||
| 003 | GE_BSU | ||
| 008 | 181216s||||||||xx |||||||||||||| ||und|| | ||
| 040 | _cGE_BSU | ||
| 245 | _aკარიბჭე №11(358) 25 ოქტომბერი-28 ნოემბერი.2018წ. | ||
| 245 | _bმართლმადიდებლური ჟურნალი. | ||
| 245 | _cმთავარი რედაქტორი: თამარ მამაცაშვილი. | ||
| 260 | _aთბილისი | ||
| 260 | _c2018წელი | ||
| 300 | _a50გვ;28სმ; | ||
| 653 | _aკარიბჭე. №11(358) 25 ოქტომბერი-28 ნოემბერი.2018წ. | ||
| 653 | _aპერიოდიკა | ||
| 942 | _cCR | ||
| 999 |
_c56389 _d56389 |
||